000 00255nam a2200109Ia 4500
008 190216s9999||||xx |||||||||||||| ||und||
100 _aLee Sj
245 0 _aAspects Of Europian History 1789-1980
260 _bMetheen&Co
650 _aHistory
942 _cBK
999 _c19812
_d19812